Catálogo público

Notas de clase de sistemas de calidad / (Record no. 178118)

MARC details
000 -CABECERA
campo de control de longitud fija 00975nam a2200289Ia 4500
001 - NÚMERO DE CONTROL
campo de control dia_6923
003 - IDENTIFICADOR DEL NÚMERO DE CONTROL
campo de control CHAP
005 - FECHA Y HORA DE LA ÚLTIMA TRANSACCIÓN
campo de control 20230607184458.0
007 - CAMPO FIJO DE DESCRIPCIÓN FÍSICA--INFORMACIÓN GENERAL
campo de control de longitud fija ta
008 - DATOS DE LONGITUD FIJA--INFORMACIÓN GENERAL
campo de control de longitud fija 220117s2008 mx ad fr 001 0 spa d
010 ## - NÚMERO DE CONTROL DE LA BIBLIOTECA DEL CONGRESO
Número de control de LC 178118
040 ## - FUENTE DE LA CATALOGACIÓN
Centro/agencia transcriptor CHAP
Centro catalogador/agencia de origen mxchpua
050 10 - SIGNATURA TOPOGRÁFICA DE LA BIBLIOTECA DEL CONGRESO
Número de clasificación TS156.6
Número de documento/Ítem .P66 2008
082 00 - NÚMERO DE LA CLASIFICACIÓN DECIMAL DEWEY
Número de clasificación 658.562
Número de documento/Ítem P66 2008
Número de edición 20
100 1# - ENTRADA PRINCIPAL--NOMBRE DE PERSONA
Nombre de persona Ponce Hernández, Pedro
9 (RLIN) 147918
Término indicativo de función/relación autor
245 10 - MENCIÓN DE TÍTULO
Título Notas de clase de sistemas de calidad /
Mención de responsabilidad, etc. Pedro Ponce Hernández
250 ## - MENCIÓN DE EDICIÓN
Mención de edición 2a edición
264 ## - PRODUCCIÓN, PUBLICACIÓN, DISTRIBUCIÓN, FABRICACIÓN Y COPYRIGHT
Producción, publicación, distribución, fabricación y copyright Chapingo, México :
Nombre del de productor, editor, distribuidor, fabricante UACh. Departamento de Ingeniería Agroindustrial,
Fecha de producción, publicación, distribución, fabricación o copyright 2008
300 ## - DESCRIPCIÓN FÍSICA
Extensión 276 páginas:
Otras características físicas ilustraciones, gráficas, diagramas, tablas
504 ## - NOTA DE BIBLIOGRAFÍA, ETC.
Nota de bibliografía, etc. Bibliografía: páginas 275-276
650 13 - PUNTO DE ACCESO ADICIONAL DE MATERIA--TÉRMINO DE MATERIA
Término de materia o nombre geográfico como elemento de entrada Control de calidad
Subdivisión general Administración
9 (RLIN) 162786
650 13 - PUNTO DE ACCESO ADICIONAL DE MATERIA--TÉRMINO DE MATERIA
Término de materia o nombre geográfico como elemento de entrada Quality control
Subdivisión general Administration
9 (RLIN) 152271
942 ## - ELEMENTOS DE PUNTO DE ACCESO ADICIONAL (KOHA)
Tipo de ítem Koha Libro
Fuente del sistema de clasificación o colocación Dewey Decimal Classification
901 ## - ELEMENTOS DE DATOS A LOCAL LDA (RLIN)
a 658.562 P66 2008
902 ## - ELEMENTOS DE DATOS B LOCAL, LDB (RLIN)
a M
905 ## - ELEMENTOS DE DATOS E LOCAL, LDE (RLIN)
a 5232272008 MX INM 8223223321SPA16
Holdings
Estado de retiro Estado de pérdida Fuente del sistema de clasificación o colocación Estado dañado Restricciones de uso No para préstamo Código de colección Localización permanente Ubicación/localización actual Fecha de adquisición Fuente de adquisición Número de inventario Total de préstamos Signatura topográfica completa Código de barras Fecha visto por última vez Número de copia Precio válido a partir de Tipo de ítem Koha Fecha del último préstamo
    Dewey Decimal Classification   Préstamo 5 días   General Ingenieria Agroindustrial Ingenieria Agroindustrial 22/11/2018 Compra Librería UACh F. 37379 Consumo   658.562 P66 2008 1102010877 18/01/2022 Ej. 6 18/01/2022 Libro  
    Dewey Decimal Classification   Préstamo interno   General Ingenieria Agroindustrial Ingenieria Agroindustrial 18/01/2022 Donación Donación   658.562 P66 2008 1102012009 18/01/2022 Ej. 1 18/01/2022 Libro  
    Dewey Decimal Classification   Préstamo 5 días   General Ingenieria Agroindustrial Ingenieria Agroindustrial 22/11/2018 Compra Librería UACh F. 37379 Consumo   658.562 P66 2008 1102010873 18/01/2022 Ej. 2 18/01/2022 Libro  
    Dewey Decimal Classification   Préstamo 5 días   General Ingenieria Agroindustrial Ingenieria Agroindustrial 22/11/2018 Compra Librería UACh F. 37379 Consumo   658.562 P66 2008 1102010874 18/01/2022 Ej. 3 18/01/2022 Libro  
    Dewey Decimal Classification   Préstamo 5 días   General Ingenieria Agroindustrial Ingenieria Agroindustrial 22/11/2018 Compra Librería UACh F. 37379 Consumo   658.562 P66 2008 1102010875 18/01/2022 Ej. 4 18/01/2022 Libro  
    Dewey Decimal Classification   Préstamo 5 días   General Ingenieria Agroindustrial Ingenieria Agroindustrial 22/11/2018 Compra Librería UACh F. 37379 Consumo 1 658.562 P66 2008 1102010876 27/02/2026 Ej. 5 18/01/2022 Libro 27/02/2026
    Dewey Decimal Classification   Préstamo 5 días   General Ingenieria Agroindustrial Ingenieria Agroindustrial 23/11/2021 Donación Donación   658.562 P66 2008 1102014841 07/06/2023 Ej. 7 07/06/2023 Libro